000 00559nam a2200181Ia 4500
008 240729s9999 xx 000 0 und d
022 _a1792-7927
245 0 _aRhythmos
260 _aGreece
260 _bThird Department of Cardiology, Athens University School of Medicine
650 _a Diseases of the circulatory (Cardiovascular) system
650 _a Internal medicine
650 _a Specialties of internal medicine
650 _aMedicine
856 _uhttps://doaj.org/toc/c3c5019f2f3d48849be844130d2cf3a7
942 _2ddc
942 _cDOAJEJ
999 _c66591
_d66591
945 _a1
_bMadushi Gamage
_c1
_dMadushi Gamage